Personnages Stranger Things S5 - Mort Subite - Statistiques

Statistiques générales
  • Ce quiz a été pris 3 699 fois
  • Le résultat moyen est 9 sur 21
Answers on the Grid
Answers color-coded by a green-red scale on the quiz's grid according to % correct below.
Holly
Suzie
Derek
Lucas
Dustin
Dr. Kay
Brenner
Jason
Billy
Erica
Onze
Mike
Jeff Hopper
Joyce Byers
Karen
Tedd
Jim Hopper
Ted
Henry
Murray
Eddie
Vickie
Nancy
Bob
Jonathan
Robin
Colonel Sullivan
Max Mayfield
Tina Turnbow
 
Statistiques - réponses
Réponse % Correct
Holly
91%
Dustin
67%
Lucas
61%
Derek
53%
Erica
52%
Onze
52%
Mike
50%
Dr. Kay
45%
Joyce Byers
40%
Jim Hopper
36%
Karen
36%
Jonathan
34%
Robin
33%
Nancy
32%
Henry
30%
Max Mayfield
30%
Murray
28%
Vickie
28%
Tina Turnbow
23%
Colonel Sullivan
21%
Ted
19%
Aucun quiz correspondant
Distribution des résultats
% des personnes avec chaque résultat
Percentile par nombre de réponses
Votre historique - résultats
Vous n’avez pas pris ce quiz